00418cam a22001817a 4500003000500000005001700005008004100022010001000063011001000073035001000083040000900093082001500102100003000117245002900147260003300176300001100209650001600220CHAP20220329134101.0971013s1979 r 00010 d a15165 a16137 a20215 cCHAP a575.1bH4800aHerskowitz, Irwin Herman.14aThe elements of genetics aNew York :bMacMillan,c1979 a442 p.14aGenética.